00190nam a22000857a 4500082000800000100002100008245003200029260003300061300001000094 aTNC aPakrasi, B Kanti aFemale Infanticide in india aEditions indianbS. Ghatack  a304p.